LEADER 01852nam 2200505 450 001 000010910 005 20070503173300.0 010 $a88-02-01696 100 $a20020326d1978----km-y0itay0103----ba 101 0 $aita 102 $aIT 200 1 $a<> opere$fEugene O'Neill 200 1 $a1 $n0003474 210 $aTorino$cUTET$dstampa1978 215 $aXXXVI, 780 p.$c1 ritr.$d17 cm. 225 2 $aScrittori del mondo: i Nobel 327 $aLa luna dei Caraibi ; Il lungo viaggio di ritorno ; L'imperatore Jones ; Anna Christie ; Strano interludio ; Il lutto si addice ad Elettra ; Lunga giornata verso la notte 410 0$12001$aScrittori del mondo: i Nobel 559 1 $a<> luna dei Caraibi 559 1 $a<> lungo viaggio di ritorno 559 1 $a<>imperatore Jones 559 1 $aAnna Christie 559 1 $aStrano interludio 559 1 $a<> lutto si addice ad Elettra 559 1 $aLunga giornata verso la notte 676 $a812.52$v(20. ed.)$9Letteratura drammatica americana in inglese. 1900-1945 700 1$aO'Neill,$bEugene$0131996 801 0$aIT$bUniversità della Basilicata - B.I.A.$gRICA$2unimarc 912 $a000010910 996 $aOpere$979307 997 $aUNIBAS BAS $aMONLET BAS $aMONOGR BAS $aLETTERE CAT $aSTD014$b01$c20020326$lBAS01$h1620 CAT $aTROMBONE$b20$c20020328$lBAS01$h1205 CAT $aTROMBONE$b20$c20021011$lBAS01$h1114 CAT $c20050601$lBAS01$h1754 CAT $abatch$b01$c20050718$lBAS01$h1050 CAT $c20050718$lBAS01$h1110 CAT $c20050718$lBAS01$h1140 CAT $c20050718$lBAS01$h1154 CAT $aBATCH$b00$c20070503$lBAS01$h1733 FMT Z30 -1$lBAS01$LBAS01$mBOOK$1BASA1$APolo Storico-Umanistico$2GEN$BCollezione generale$3FP/13477$613477$5L13477$820020326$f02$FPrestabile Generale LEADER 02330nam 2200541z- 450 001 9910557527803321 005 20211118 035 $a(CKB)5400000000044300 035 $a(oapen)https://directory.doabooks.org/handle/20.500.12854/73112 035 $a(oapen)doab73112 035 $a(EXLCZ)995400000000044300 100 $a20202111d2020 |y 0 101 0 $aeng 135 $aurmn|---annan 181 $ctxt$2rdacontent 182 $cc$2rdamedia 183 $acr$2rdacarrier 200 00$aAdvancing Methods for Psychological Assessment Across Borders 210 $cFrontiers Media SA$d2020 215 $a1 online resource (212 p.) 311 08$a2-88945-948-9 330 $aThis eBook is a collection of articles from a Frontiers Research Topic. Frontiers Research Topics are very popular trademarks of the Frontiers Journals Series: they are collections of at least ten articles, all centered on a particular subject. With their unique mix of varied contributions from Original Research to Review Articles, Frontiers Research Topics unify the most influential researchers, the latest key findings and historical advances in a hot research area! Find out more on how to host your own Frontiers Research Topic or contribute to one as an author by contacting the Frontiers Editorial Office: frontiersin.org/about/contact 606 $aPsychology$2bicssc 606 $aScience: general issues$2bicssc 610 $abehavioral science 610 $aearly career researchers 610 $apsychological methods 610 $areproducibility 615 7$aPsychology 615 7$aScience: general issues 700 $aRuggeri$b Kai$4edt$01322359 702 $aDiana Roman$b Gabriela$4edt 702 $aWalczak$b Agnieszka$4edt 702 $aNorton$b Sam$4edt 702 $aCipresso$b Pietro$4edt 702 $aDel Pino$b Rocio$4edt 702 $aEgumenovska$b Kristina$4edt 702 $aRuggeri$b Kai$4oth 702 $aDiana Roman$b Gabriela$4oth 702 $aWalczak$b Agnieszka$4oth 702 $aNorton$b Sam$4oth 702 $aCipresso$b Pietro$4oth 702 $aDel Pino$b Rocio$4oth 702 $aEgumenovska$b Kristina$4oth 906 $aBOOK 912 $a9910557527803321 996 $aAdvancing Methods for Psychological Assessment Across Borders$93034907 997 $aUNINA